000 02178cam a22004454i 4500
003 PE-LiUPU
005 20250731172919.0
008 150617s r 000 0 d
035 _a(Sirsi) a19018
040 _aPE-LiUPU
_bspa
_cPE-LiUPU
_erda
049 _aPRUA
082 0 4 _a282.09
_bK79
_221
100 1 _aKraus, X,
_eautor.
245 1 0 _aHistoire de l'Eglise /
_cX. Kraus.
264 1 _aParís :
_bLibrairie Bloud et Barral,
_c1898.
300 _a595 páginas ;
_c21 cm
336 _atext
_2rdacontent
337 _aunmediated
_2rdamedia
338 _avolume
_2rdacarrier
505 0 _aHistoire extérieure de l'eglise -- L'etat et l'egise -- Organisation ecclésiastique -- Discipline, culte, vie chrétienne -- Le dévelopement doctrinal et l'antithése hérétique -- Les sciences ecclésiastiques -- L'etat et l'eglise.-La papauté et l'empire -- Propagation du christianisme -- Discipline, culte, vie chrétienne -- Le développement doctrinal et l'antithése hérétique -- Les sciences ecclésiastiques -- L'art chrétien -- L'etat et l'eglise.-La paputé et l'empire -- Organisation ecclésiastique -- Lutte de la chrétienté contre les ennemis extérieus -- Discipline, culte, vie chrétienne -- Déviations du mouvement de réforme opposition héretique -- La théologie et le développement doctrinal -- L'art chretien -- L'Eglise grecque -- La papauté depuis la mort de Boniface VIII jusqu'.
526 _aSEG42
526 _aSEG41
526 _aSEG40
526 _aSEG39
526 _aP94
526 _aP87
526 _aP86
526 _aP85
526 _aP77
526 _aP76
526 _aP35
650 0 4 _aIglesia
_xHistoria
_yPerídodo primitivo 30 a.c. 600.
910 _ajck
_bjvq
_cjck
_d20150616
942 _2ddc
_cBOOK
949 _a282.09 K79
_wDEWEY
_c1
_i10314
_lCCODEBUL1
_mBUL
_p00.00
_r0
_sY
_tBOOK
_u2015-04-22
_xTEOLOGIA
_PP35
_0COMPRA
_o.STAFF. Colección General
994 _aC0
_bPEPRU
596 _a1
999 _a282.09 K79
_wDEWEY
_c18774
_i10314
_f2021-11-12
_g5
_lCCODEBUL1
_mBUL
_r0
_sY
_tBOOK
_u2015-4-22
_xTEOLOGIA
_PP35
_0COMPRA
_o.STAFF. Colección General
_d18774
980 _81
_gALBERTO SANCHEZ Responsable de Automatización